LEADER 03873nam 2200709 a 450 001 9910457408403321 005 20200520144314.0 010 $a1-283-21248-X 010 $a9786613212481 010 $a1-934536-25-3 024 7 $a10.9783/9781934536254 035 $a(CKB)2550000000051214 035 $a(OCoLC)759158211 035 $a(CaPaEBR)ebrary10491950 035 $a(SSID)ssj0000645133 035 $a(PQKBManifestationID)11384135 035 $a(PQKBTitleCode)TC0000645133 035 $a(PQKBWorkID)10680568 035 $a(PQKB)11465367 035 $a(MiAaPQ)EBC3441493 035 $a(MdBmJHUP)muse3202 035 $a(DE-B1597)449231 035 $a(OCoLC)1002262526 035 $a(DE-B1597)9781934536254 035 $a(Au-PeEL)EBL3441493 035 $a(CaPaEBR)ebr10491950 035 $a(CaONFJC)MIL321248 035 $a(OCoLC)932312430 035 $a(EXLCZ)992550000000051214 100 $a20041101d2005 uy 0 101 0 $aeng 135 $aurcn||||||||| 181 $ctxt 182 $cc 183 $acr 200 10$aCatalogue of the Etruscan gallery of the University of Pennsylvania Museum of Archaeology and Anthropology$b[electronic resource] /$fJean MacIntosh Turfa 205 $a1st ed. 210 $aPhiladelphia [Pa.] $cUniversity of Pennsylvania, Museum of Archaeology and Anthropology$dc2005 215 $a1 online resource (353 p.) 300 $aBibliographic Level Mode of Issuance: Monograph 311 $a1-931707-52-9 320 $aIncludes bibliographical references (p. [289]-308) and index. 327 $apt. 1A. The archaeology of early central Italy -- pt. 1B. Tomb groups represented in the gallery -- pt. 2. Catalogue of objects displayed. 330 $aCombining a guide for the Museum visitor with scholarly discussions of all objects on display, this catalogue provides background on the society, history, technology, and commerce of the Etruscan and Faliscan cultures from the ninth through the first centuries B.C. Several groups of material illustrate social, historical, and technological phenomena currently at the forefront of scholarly debate and study, such as the crucial period of the turnover from Iron Age hut villages to the fully urbanized princely Etruscan cities, the development and extent of ancient literacy, and the position of women and children in ancient societies. Many special objects seldom found or generally inaccessible in the United States include Faliscan tomb groups, Etruscan inscriptions, helmets, and trade goods.The catalogue presents and analyzes objects of warfare, weaving, animals, religious beliefs, architectural and terracotta roofing ornaments, Etruscan bronze-working for utensils, weapons, and artwork, and fine, generic portraiture. It discusses the symbolic meaning of such objects deposited in tombs as a chariot buried with a Faliscan lady at Narce, a senator's folding stool buried in a later tomb at Chiusi, and a pair of horse bits with the teeth of a chariot team still adhering to them where the teeth fell when sacrificed for a funeral in the fifth-century necropolis at Tarquinia-much later than the horse sacrifice was previously known in Etruria. 606 $aArt, Etruscan$vCatalogs 606 $aEtruscans 606 $aFaliscans (Italic people) 607 $aItaly$xAntiquities$vCatalogs 608 $aElectronic books. 615 0$aArt, Etruscan 615 0$aEtruscans. 615 0$aFaliscans (Italic people) 676 $a937/.5 700 $aTurfa$b Jean MacIntosh, $0604820 701 $aTurfa$b Jean MacIntosh$f1947-$0853452 801 0$bMiAaPQ 801 1$bMiAaPQ 801 2$bMiAaPQ 906 $aBOOK 912 $a9910457408403321 996 $aCatalogue of the Etruscan gallery of the University of Pennsylvania Museum of Archaeology and Anthropology$92477929 997 $aUNINA LEADER 02367nam 2200601Ia 450 001 9910784382203321 005 20230421043918.0 010 $a0-8166-8486-3 035 $a(CKB)1000000000347199 035 $a(EBL)310368 035 $a(OCoLC)191952562 035 $a(SSID)ssj0000276701 035 $a(PQKBManifestationID)11228643 035 $a(PQKBTitleCode)TC0000276701 035 $a(PQKBWorkID)10226220 035 $a(PQKB)11135038 035 $a(MiAaPQ)EBC310368 035 $a(MdBmJHUP)muse38776 035 $a(Au-PeEL)EBL310368 035 $a(CaPaEBR)ebr10151135 035 $a(CaONFJC)MIL672442 035 $a(EXLCZ)991000000000347199 100 $a19960321d1996 ub 0 101 0 $aeng 135 $aur|||||||nn|n 181 $ctxt 182 $cc 183 $acr 200 10$aAesthetic ideology$b[electronic resource] /$fby Paul de Man ; ed. with an introd. by Andrzej Warminski 210 $aMinneapolis $cUniversity of Minnesota Press$dc1996 215 $a1 online resource (206 pages) 225 1 $aTheory and history of literature ;$vv. 65 300 $aDescription based upon print version of record. 311 $a0-8166-2204-3 311 $a0-8166-2203-5 320 $aIncludes bibliographical references and index. 327 $aContents; Introduction: Allegories of Reference Andrzej Warminski; The Epistemology of Metaphor; Pascal's Allegory of Persuasion; Phenomenality and Materiality in Kant; Sign and Symbol in Hegel's Aesthetics; Hegel on the Sublime; Kant's Materialism; Kant and Schiller; The Concept of Irony; Reply to Raymond Geuss; Index 330 $aOffers the definitive resource to de Man's thoughts on philosophy, politics, and history. The texts collected here were written or delivered as lectures during the last years of de Man's life, between 1977 and 1983. Many of them have never been available previously in any form. 410 0$aTheory and history of literature ;$vv. 65. 606 $aCriticism 606 $aDeconstruction 615 0$aCriticism. 615 0$aDeconstruction. 676 $a801/.95 700 $aDe Man$b Paul$0220712 701 $aWarminski$b Andrzej$01541130 801 0$bMiAaPQ 801 1$bMiAaPQ 801 2$bMiAaPQ 906 $aBOOK 912 $a9910784382203321 996 $aAesthetic ideology$93854859 997 $aUNINA